LEADER 01314nam a2200289 u 4500 001 000000001322 003 CaOOAMICUS 005 20070226104312.0 008 941117s1938 it u000 u ita u 035 $a10030217 040 $aPUL(R)$bita 041 1 $aita$hlat 100 0 $aAugustinus,$cs., vesc. d'Ippona,$d354-430.$0(OLS)http://pul/name/1290 240 10$aDe civitate Dei$9(Augustinus, s., vesc. d'Ippona, 354-430).$lItaliano.$0(OLS)http://pul/title/1964 245 13$aLa cittą di Dio :$briduzione e traduzione del "De civitate Dei" /$cS. Agostino ; con introduzione e commento a cura di Ulisse Pucci. 260 $aTorino :$bS. E. I.,$c[1938] 300 $a326 p. ;$c20 cm 490 1 $aLetture di filosofia ;$v15 700 1 $aPucci, Ulisse.$0(OLS)http://pul/name/1466 830 0$aLetture di filosofia ;$v15.$0(OLS)http://pul/title/1966 850 $aPUL 852 $aPUL$W1$xDP1 Fondo Cecchetti$y53$m260 D 75.14$j193612$nBK-PRI$b $qFondi$B1728$CPULBib$Z2$F1728 $81 900 $aAgostino,$cs., vesc. d'Ippona,$d354-430$91290 900 $aAgostino, Aurelio,$cs., vesc. d'Ippona$d354-430$91290 941 1 $a1 996 $6245$aLa cittą di Dio :$briduzione e traduzione del "De civitate Dei"$9(OLS)http://pul/title/1965 996 $6260$aTorino :$bS. E. I.$9(OLS)http://pul/publisher/48669 LEADER 01349nam a2200337 a 4500 001 000000122345 003 CaOOAMICUS 005 20100623152024.0 008 100623t2004 it u000 u ita r 020 $a88-15-09822-4 040 $aPUL$bita$dReb 041 1 $aita$hfre 082 04$a909 100 1 $aBenhamou, Francoise.$0(OLS)http://pul/name/76759 240 10$aEconomie de la culture$lItaliano.$0(OLS)http://pul/title/154054 245 12$aL'economia della cultura /$cFrancoise Benhamou. 250 $aNuova ed. 260 $aBologna :$bIl Mulino,$c©2004. 300 $a169 p. ;$c21 cm. 490 1 $aUniversale paperbacks Il Mulino ;$v394 504 $aBibliografia p. 159-171. 650 4$aPolitica e cultura.$0(OLS)http://pul/subject/8111 650 4$aEconomia sociale.$0(OLS)http://pul/subject/10942 830 0$aUniversale paperbacks Il Mulino ;$v394.$0(OLS)http://pul/title/190 850 $aPUL 852 $aPUL$W1$xDP2 Filosofia 3$y112$m909 COLL 2.394$j140473$qDDC 21$B139603$CPULBib$Z2$F139603 $H114241 $82 941 1 $a9 996 $6020$a88-15-09822-4$9(OLS)http://pul/number/144701 996 $6082$a909$9(OLS)http://pul/classification/566 996 $6245$aL'economia della cultura$9(OLS)http://pul/title/154053 996 $6260$aBologna :$bIl Mulino$9(OLS)http://pul/publisher/47928